000 00285nam a22001217a 4500
008 171006b xxu||||| |||| 00| 0 eng d
041 _aeng
080 _a159.9
100 _a49
101 _aPSI
245 _aTHE TECHNIQUE OF PSYCHOANALYTIC PSYCHOTHERAPY
_cLANGS, R
942 _2udc
_cBK
999 _c32354
_d32354